Confronting the question of justice in Guatemala /

محفوظ في:
التفاصيل البيبلوغرافية
المؤلف الرئيسي: McSherry, J. Patrice
مؤلفون آخرون: Molina Mejía, Raúl
التنسيق: نص
الموضوعات:
الوسوم: إضافة وسم
لا توجد وسوم, كن أول من يضع وسما على هذه التسجيلة!

MARC

LEADER 00000 a a2200000 04500
001 18197
003
040
100 |a McSherry, J. Patrice  
245 |a Confronting the question of justice in Guatemala /  |c  J. Patrice McSherry  
650 |a ADMINISTRACION DE JUSTICIA  
650 |a DERECHOS HUMANOS  
650 |a GOBIERNO  
650 |a FUERZAS ARMADAS  
650 |a VIOLENCIA  
650 |a ONU  
650 |a ESTADO  
650 |a PAZ  
650 |a ORGANIZACIONES SOCIALES  
650 |a MOVIMIENTOS SOCIALES  
700 |a Molina Mejía, Raúl  
773 |g volumen 49, número 3; páginas 1-28  
999 |c 20390  |d 20390